Hospodársky vývoj vo vyspelých kapitalistických štátoch Príloha Hospodárskych novín

Súčasné tendencie v hospodárskom raste vyspelých kapitalistických ekonomík. Rozdielna sila súčasného rastu medzi jednotlivými krajinami. Zlepšenie situácie v krajinách OECD. Rastová fáza takmer vo všetkých ekonomikách. Odlišná situácia cyklickej fázy v jednotlivých krajinách.

Guardado en:
Detalles Bibliográficos
Autor principal: Oberhauser, Ján Artur
Formato: Capítulo de libro
Lenguaje:eslovaco
Materias:
Etiquetas: Agregar Etiqueta
Sin Etiquetas, Sea el primero en etiquetar este registro!

MARC

LEADER 00000naa a2200000 4500
001 r026869
005 20230824091350.1
041 0 |a slo 
044 |a SK 
245 1 0 |a Hospodársky vývoj vo vyspelých kapitalistických štátoch  |b Príloha Hospodárskych novín  |c Ján Artur Oberhauser 
520 |a Súčasné tendencie v hospodárskom raste vyspelých kapitalistických ekonomík. Rozdielna sila súčasného rastu medzi jednotlivými krajinami. Zlepšenie situácie v krajinách OECD. Rastová fáza takmer vo všetkých ekonomikách. Odlišná situácia cyklickej fázy v jednotlivých krajinách. 
610 2 0 |a krajiny vyspelé 
610 2 0 |a OECD 
610 2 0 |a 1996-1998 
610 2 0 |a rast hospodársky 
610 2 0 |a vývoj hospodársky 
100 1 |a Oberhauser, Ján Artur